حاشية على الجلالين: المسماة بالفتوحات الإلهية بتوضيح تفسير الجلالين للدقائق الخفية ;; Ḥāshiyah ʻalá al-jalālayn : al-musammāt bi-al-al-Futūḥāt al-ilāhīyah bi-tawdīh Tafsīr al-Jalālayn lil-daqāʼiq al-khafīyah / (Record no. 77811)
[ view plain ]
| 000 -LEADER | |
|---|---|
| fixed length control field | 01056nam a2200241 a 4500 |
| 001 - CONTROL NUMBER | |
| control field | 77811 |
| 003 - CONTROL NUMBER IDENTIFIER | |
| rucl marc code | BD-RjUL |
| 005 - DATE AND TIME OF LATEST TRANSACTION | |
| control field | 20221219113641.0 |
| 008 - FIXED-LENGTH DATA ELEMENTS--GENERAL INFORMATION | |
| fixed length control field | 210120b1996 pak||||| |||| 00| 0 ara d |
| 035 ## - SYSTEM CONTROL NUMBER | |
| System control number | (BD-RjUL)78037 |
| 040 ## - CATALOGING SOURCE | |
| Original cataloging agency | BD-RjUL |
| Language of cataloging | eng |
| Transcribing agency | BD-RjUL |
| 041 ## - LANGUAGE CODE | |
| Language code of text/sound track or separate title | ara |
| 082 ## - DEWEY DECIMAL CLASSIFICATION NUMBER | |
| Edition number | 23 |
| Classification number | 297.1226 |
| Author mark and year | JAH 1996 |
| 100 ## - MAIN ENTRY--PERSONAL NAME | |
| Personal name | سليمان الجمل ;; (Jamal, Sulaymān ) |
| Dates associated with a name | 1789 or 1790 |
| 9 (RLIN) | 243713 |
| 245 ## - TITLE STATEMENT | |
| Title | حاشية على الجلالين: المسماة بالفتوحات الإلهية بتوضيح تفسير الجلالين للدقائق الخفية ;; Ḥāshiyah ʻalá al-jalālayn : al-musammāt bi-al-al-Futūḥāt al-ilāhīyah bi-tawdīh Tafsīr al-Jalālayn lil-daqāʼiq al-khafīyah / |
| Statement of responsibility, etc. | سليمان الجمل ;; [Sulayman Jamal ] |
| 260 ## - PUBLICATION, DISTRIBUTION, ETC. (IMPRINT) | |
| Place of publication, distribution, etc. | karachi : |
| Name of publisher, distributor, etc. | Qadimi kutub khanah , |
| Date of publication, distribution, etc. | [1996]? |
| 300 ## - PHYSICAL DESCRIPTION | |
| Pagination | v. ; |
| Size | 29 cm |
| 505 ## - FORMATTED CONTENTS NOTE | |
| Formatted contents note | Vol.1.--v.2.--v.3.-- |
| 600 ## - SUBJECT ADDED ENTRY--PERSONAL NAME | |
| Personal name | Suyūṭī, Jamal |
| Dates associated with a name | 1445-1505. |
| 650 ## - SUBJECT ADDED ENTRY--TOPICAL TERM | |
| Topical term or geographic name as entry element | Tafsīr al-Jalālayn. |
| 9 (RLIN) | 243715 |
| Topical term or geographic name as entry element | Qurʼan |
| Form subdivision | Hermeneutics. |
| 9 (RLIN) | 243716 |
| 942 ## - ADDED ENTRY ELEMENTS (KOHA) | |
| Source of classification or shelving scheme | Dewey Decimal Classification |
| Koha item type | Books |
| Lost status | Source of classification or shelving scheme | Damaged status | Not for loan | Collection code | Permanent Location | Current Location | Shelving location | Date acquired | Source of acquisition | Cost, normal purchase price | Full call number | Date last seen | Copy number | Koha item type |
|---|---|---|---|---|---|---|---|---|---|---|---|---|---|---|
| Dewey Decimal Classification | Not For Loan | Non-fiction | Central Library, University of Rajshahi | Central Library, University of Rajshahi | Reading Room | 16/06/1996 | Sawdia kutub khanah , Dhaka | 387.00 | A 297.122601 JAH V-1 1996 | 20/01/2021 | C-1 | Books | ||
| Dewey Decimal Classification | Not For Loan | Non-fiction | Central Library, University of Rajshahi | Central Library, University of Rajshahi | Reading Room | 16/06/1996 | Sawdia kutub khanah , Dhaka | 387.00 | A 297.122601 JAH V-2 1996 | 20/01/2021 | C-1 | Books | ||
| Dewey Decimal Classification | Not For Loan | Non-fiction | Central Library, University of Rajshahi | Central Library, University of Rajshahi | Reading Room | 16/06/1996 | Sawdia kutub khanah , Dhaka | 387.00 | A 297.122601 JAH V-3 1996 | 20/01/2021 | C-1 | Books | ||
| Dewey Decimal Classification | Non-fiction | Central Library, University of Rajshahi | Central Library, University of Rajshahi | General Stacks | 16/06/1996 | Saudia kutub khana , Dhaka | 387.00 | A 297.122601 JAH V-3 1996 | 04/01/2022 | C-2 | Books |